00305nam a2200121Ia 4500008004100000041001200041082002100053100001900074245004500093260001900138300001200157650001400169231217s9999 xx 000 0 und d aEnglish a001.6424WIN MEH aMehta, Subhash 0aComputer facts and formulas: Windows 3.1 c1994bGalgotia axxx+492 aComputers